| 000 | 00950nam a22001937a 4500 | ||
|---|---|---|---|
| 005 | 20231108173116.0 | ||
| 010 | _aHIN-126130 | ||
| 020 |
_a9788195321957 _c625.00 |
||
| 035 | _aHN-98476 | ||
| 037 | _bDBAD/PUB. | ||
| 082 | _a181.4 | ||
| 245 |
_aज्ञानसलिला/ _cसम्पादित एवं अनुवादक सुधांशु चतुर्वेदी |
||
| 250 | _a1 | ||
| 260 |
_aदिल्ली _bकेशव बुक्स _c2022 |
||
| 270 |
_aएफ-7, गली नं.-1.तृतीय तल,पंचशील गार्डन एक्स., नवीन शाहदरा,दिल्ली-110032 _bनई दिल्ली |
||
| 300 |
_a180पृ _c23 सेमी (सजिल्द) |
||
| 710 |
_eसम्पादक एवं अनुवादक _957672 _aसुधांशु चतुर्वेदी |
||
| 942 |
_adpl _cHN _2ddc _h181.4 _mज्ञानस |
||
| 999 |
_c198760 _d198760 |
||